| 000 | 00786cam a2200217 a 4500 | ||
|---|---|---|---|
| 020 | _a1566702607 (acidfree paper) | ||
| 040 | _cDLC | ||
| 082 | 0 | 0 | _a639 CRC 1998 C157 Or. |
| 245 | 1 | 0 |
_aIntegrated fish farming : _bproceedings of a Workshop on Integrated Fish Farming held in Wuxi, Jiangsu Province, People's Republic of China, October 11-15, 1994 / |
| 260 |
_aBoca Raton, Fla. : _bCRC Press, _cc1998. |
||
| 300 |
_a420 p. : _bill. ; _c24 cm. |
||
| 650 | 0 | _aFish culture | |
| 650 | 0 | _aIntegrated agricultural systems | |
| 650 | 0 | _aFish culture | |
| 650 | 0 | _aIntegrated agricultural systems | |
| 700 | 1 | _aMathias, J. A. | |
| 700 | 1 | _aCharles, Anthony Trevor, | |
| 700 | 1 | _aHu, Baotong. | |
| 856 | 4 | 2 | _uhttp://www.loc.gov/catdir/enhancements/fy0646/97027473-d.html |
| 942 | _cAEDBB | ||
| 999 |
_c18992 _d18992 |
||